Nová slovenská grafika - alternatívne dimenzie 90. rokov

Bibliographic Details
Main Author: Vrbanová, Alena, 1960- (Author)
Format: Article
Language:Slovak
ISSN:0231-6714
Subjects:

MARC

LEADER 00000nab a2200000 a 4500
001 vtls000655032
003 SK-MaSNL
005 20260304094823.0
008 250425c1998 xo 0 slo
015 |a SNBRA1998/03-07589 
035 |a CLN000007225 
035 |a urn:nbn:sk:snk-abbrlw 
035 |a (urnnbn)urn:nbn:sk:snk:ar-0000bn 
035 |a (uuid)bb3c2ead-2c64-494e-8621-28c073556e18 
040 |a SNKBUCL  |b slo  |c SNKBUCL  |e AACR2 
041 0 |a slo 
044 |a xo  |c SK 
080 |a 76(437.6)  |2 1997 
100 1 |a Vrbanová, Alena,  |d 1960-  |4 aut  |9 92785 
245 1 0 |a Nová slovenská grafika - alternatívne dimenzie 90. rokov  |c Alena Vrbanová 
500 |a Dat.: december 1997 
504 |a Biogr. údaje 
650 0 7 |a grafika slovenská  |y stor. 20, r. 90.  |2 snkbucl  |9 1391553 
655 7 |a články z novín a časopisov  |2 snkbucl  |9 267496 
773 0 |t Romboid  |g Roč. 33, č. 1 (1998), s. 68-71  |x 0231-6714 
850 |a Slovenská národná knižnica 
852 |a Slovenská národná knižnica 
958 |a article15 
958 |a OND 
958 |a SK 
958 |a EUIPO 
992 |a RBX 
999 |c 2829139  |d 2831069